000 00659nam a2200253Ia 4500
005 20260121155230.0
008 008 260114s9999 xx 000 0 eng d
020 _a9780367823511
037 _aEBOOK
040 _aCRL
040 _beng
040 _cCRL
041 _2eng
041 _aeng
084 _qCRL
100 _a Alexander Polikoff; Elizabeth Lassar
_91016988
245 2 _aA Brief History of the Subordination of African Americans in the U.S.
260 _bTaylor and Francis
260 _c2020
856 _uhttp://www.taylorfrancis.com/books/9780367823511
942 _cEBOOK
999 _c1583807
_d1583807